000 00588nam a2200229 a 4500
001 BRL_980
005 20190320210959.0
008 301013s1963----mx-#######---#000-1#spa-#
041 _aspa
044 _amx
050 4 _aPQ7297
_b.L48 29 1963
100 1 _aSpota, Luis
_925494
245 1 0 _aCasi el paraíso
_cpor Luis Spota.
250 _a7a ed.
260 _aMéxico
_bFondo de Cultura Económica
_c1963
300 _a453 p.
_c18 cm.
440 0 _aLetras mexicanas
_v29
_925495
500 _aAu1087
650 1 4 _anovela mexicana
_ySiglo XX
_923904
902 _aGRL
942 _2lcc
_cB
999 _c9792
_d9792